| 000 | 01434cam a22003617a 4500 | ||
|---|---|---|---|
| 090 | _c10652 | ||
| 001 | 12763720 | ||
| 005 | 20051220122934.0 | ||
| 008 | 020503s2005 inua f 001 0 eng d | ||
| 010 | _a 2002106378 | ||
| 015 |
_aGBA516303 _2bnb |
||
| 016 | 7 |
_a013118898 _2Uk |
|
| 020 | _a1587051117 (pbk.) | ||
| 035 | _a(OCoLC)ocm57749766 | ||
| 040 |
_aUKM _cUKM _dIXA _dDLC |
||
| 050 | 0 | 0 |
_aTK5105.567 _b.B65 2005 |
| 082 | 0 | 0 |
_a005.8 _222 _bBOL |
| 100 | 1 | _aBollapragada, Vijay. | |
| 245 | 1 | 0 |
_aIPSec VPN design : _bThe definitive design and deployment guide for secure virtual private networks / _cVijay Bollapragada, Mohamed Khalid, Scott Wainner. |
| 260 |
_aIndianapolis, IN. : _bCisco Press, _cc2005. |
||
| 300 |
_axvii, 352 p. : _bill. ; _c24 cm. |
||
| 490 | 1 | _aNetworking technology series | |
| 500 | _aCover title. | ||
| 500 | _aIncludes index. | ||
| 650 | 0 | _aIPSec (Computer network protocol) | |
| 650 | 0 |
_aExtranets (Computer networks) _xSecurity measures. |
|
| 700 | 1 | _aKhalid, Mohamed. | |
| 700 | 1 | _aWainner, Scott. | |
| 830 | 0 | _aCisco Press networking technology series | |
| 942 |
_2ddc _cBB |
||
| 999 |
_c10652 _d10652 |
||